| 000 | 00710cam a2200241 i 4500 | ||
|---|---|---|---|
| 999 |
_c3879 _d3879 |
||
| 001 | 17789 | ||
| 003 | BD-DhUAP | ||
| 005 | 20200315093906.0 | ||
| 008 | 200310s1992 enk 000 0 eng | ||
| 020 | _a0333575350 | ||
| 020 | _a0333575369 | ||
| 040 |
_aBD-DhUAP _bEng _cBD-DhUAP _dBD-DhUAP |
||
| 082 | 0 | 0 |
_a822.33 BRA _223 |
| 100 | _aBradley, A. C. | ||
| 245 |
_aShakespearean tragedy : _blectures on Hamlet, Othello, King Lear, Macbeth / _cA. C. Bradley. |
||
| 250 | _a3rd ed. | ||
| 260 |
_aLondon : _bMacmillan, _cc1992. |
||
| 300 |
_axxxvii, 476 pages ; _c20 cm |
||
| 500 | _aIncludes index. | ||
| 600 |
_aShakespeare, William, _d1564-1616 _vTragedies. |
||
| 650 | _aEnglish drama. | ||
| 942 |
_2ddc _cBK |
||